Normal view
MARC view
Entry Personal Name
001 - CONTROL NUMBER
- control field: 970
003 - CONTROL NUMBER IDENTIFIER
- control field: dpl
005 - DATE AND TIME OF LATEST TRANSACTION
- control field: 20100723124143.0
008 - FIXED-LENGTH DATA ELEMENTS
- fixed length control field: 100723|||a|||||| | ||| d
040 ## - CATALOGING SOURCE
- Original cataloging agency: dpl
- Transcribing agency: dpl
100 ## - HEADING--PERSONAL NAME
- Personal name: Maheshwari, R.K
670 ## - SOURCE DATA FOUND
- Source citation: Work cat.: (dpl): Varshney, R.L. 801, Business economics /
670 ## - SOURCE DATA FOUND
- Source citation: Work cat.: (dpl): Varshney, R.L. 801, Business economics /
